000 00641nam a2200205Ii 4500
003 JO-AjNU
008 230605s9999||||xx |||||||||||||| ||und||
040 _aJO-AjNU
_bara
_erda
_cJO-AjNU
041 _aara
050 1 4 _aJX1245.H522.1986
100 3 _a صادق ، هشام علي ,
_eauthor
_916540
245 0 0 _aدراسات في القانون الدولي الخاص
250 _aط1
264 3 1 _aبيروت : الدار الجامعية ، 1981
300 _a345ص
336 _atext
_btxt
_2rdacontent
337 _aunmediated
_bn
_2rdamedia
338 _avolume
_bnc
_2rdacarrier
650 4 _aتنازع القوانين
_916541
999 _aA4927
_c8495
_d8495